រឿង រាមកេរ្ត៏ : (Record no. 6659)
[ view plain ]
| 000 -LEADER | |
|---|---|
| fixed length control field | 03760nam a22002297a 4500 |
| 001 - CONTROL NUMBER | |
| control field | 6659 |
| 003 - CONTROL NUMBER IDENTIFIER | |
| control field | FISKH |
| 005 - DATE AND TIME OF LATEST TRANSACTION | |
| control field | 20250519122232.0 |
| 008 - FIXED-LENGTH DATA ELEMENTS--GENERAL INFORMATION | |
| fixed length control field | 250519b cb ||||| |||| 00| 0 eng d |
| 040 ## - CATALOGING SOURCE | |
| Original cataloging agency | FISKH |
| Language of cataloging | khr |
| Transcribing agency | FISKH |
| Modifying agency | FISKH |
| 082 ## - DEWEY DECIMAL CLASSIFICATION NUMBER | |
| Classification number | 294.5922 |
| 100 ## - MAIN ENTRY--PERSONAL NAME | |
| Personal name | Hab Ann, Leang |
| 245 ## - TITLE STATEMENT | |
| Title | រឿង រាមកេរ្ត៏ : |
| Remainder of title | រាមកេរ្ត៏ បែបខ្មែរ, រាមាយណ: បែបឥណ្ឌា / |
| Statement of responsibility, etc. | លាង ហាប់អាន |
| 260 ## - PUBLICATION, DISTRIBUTION, ETC. | |
| Place of publication, distribution, etc. | ភ្នំពេញ : |
| Name of publisher, distributor, etc. | លាងហាប់អាន, |
| 300 ## - PHYSICAL DESCRIPTION | |
| Extent | 100 pages : |
| Other physical details | illustrations ; |
| Dimensions | 20 cm . |
| 520 ## - SUMMARY, ETC. | |
| Summary, etc. | រឿង "រាមកេរ្ត៏" គឺជាបទពិសោធន៍មួយដែលផ្តោតលើសេចក្ដីសោកស្តាយ និងការពិចារណាអំពីអត្តសញ្ញាណ និងកេរ្តិ៍ឈ្មោះរបស់មនុស្សម្នាក់។ មានការបែងចែករឿងជា ២ ប្រភេទ៖ <br/>១. រាមកេរ្ត៏បែបខ្មែរ៖<br/>ជារឿងដែលផ្ដោតលើតំលៃនៃកេរ្តិ៍ឈ្មោះ និងសុចរិតភាពក្នុងសង្គមខ្មែរ។ វាបង្ហាញពីការរក្សាកេរ្តិ៍ឈ្មោះ និងការគោរពទំនៀមទាំមួលក្នុងសង្គមខ្មែរ។ រឿងនេះជាសេចក្ដីពិចារណាអំពីតម្លៃនៃកេរ្តិ៍ឈ្មោះ និងការថែរក្សាសេចក្ដីសុចរិតក្នុងជីវិតប្រចាំថ្ងៃ។<br/>២. រាមយណះ បែបឥណ្ឌា៖<br/>ជារឿងដែលផ្ដោតលើការចងចាំ និងការពិចារណាអំពីកេរ្តិ៍ឈ្មោះក្នុងបរិបទឥណ្ឌា។ វាពិចារណាអំពីការពង្រឹងកេរ្តិ៍ឈ្មោះតាមរយៈប្រវត្តិសាស្រ្ត និងវัฒនភាពសង្គមឥណ្ឌា។ រឿងនេះផ្ដល់ឱកាសដល់ការយល់ដឹងលើតំលៃនៃកេរ្តិ៍ឈ្មោះ និងការរក្សាទុកវាសម្រាប់មនុស្សជំនាន់ក្រោយ។ |
| 520 ## - SUMMARY, ETC. | |
| Summary, etc. | The story "Ream Keo" is an experience that focuses on sadness and reflection on a person's identity and reputation. The story is divided into two types:<br/><br/>Khmer-style Ream Keo:<br/>This type of story emphasizes the value of reputation and integrity within Khmer society. It highlights the importance of preserving one's honor and respecting traditional customs in Khmer culture. This narrative reflects on the significance of reputation and maintaining moral integrity in everyday life.<br/><br/>Indian-style Ream Yanha:<br/>This type of story focuses on remembrance and reflection on reputation within the Indian context. It considers how to strengthen one's reputation through history and societal development in India. This narrative offers insights into the value of reputation and the importance of preserving it for future generations.<br/><br/>In summary, "Ream Keo" stories explore the significance of reputation and morality in human life, comparing perspectives from Khmer and Indian cultures. They showcase the differences and developments in personal identity and social values across different societies. |
| 650 ## - SUBJECT ADDED ENTRY--TOPICAL TERM | |
| Topical term or geographic name entry element | រាមកេរ្ត៏ |
| 650 ## - SUBJECT ADDED ENTRY--TOPICAL TERM | |
| Topical term or geographic name entry element | Ream Ke |
| 942 ## - ADDED ENTRY ELEMENTS (KOHA) | |
| Source of classification or shelving scheme | Dewey Decimal Classification |
| Koha item type | Khmer Books |
| Suppress in OPAC | No |
| Withdrawn status | Lost status | Source of classification or shelving scheme | Damaged status | Not for loan | Collection | Home library | Current library | Shelving location | Date acquired | Total Checkouts | Full call number | Barcode | Date last seen | Price effective from | Koha item type |
|---|---|---|---|---|---|---|---|---|---|---|---|---|---|---|---|
| Dewey Decimal Classification | Khmer Language Books / សៀវភៅភាសាខ្មែរ | Footprints International School Library Network Toul Tom Poung Campus | Footprints International School Library Network Toul Tom Poung Campus | TTP Secondary Khmer Bookshelves | 05/19/2025 | HAB 294.5922 | FISSE02638 | 05/19/2025 | 05/19/2025 | Khmer Books |
